[Event "Titled Tuesday 22nd Dec"]
[Site "chess.com INT"]
[Date "2020.12.22"]
[Round "3"]
[White "Nakamura,Hi"]
[Black "Lovkov,R"]
[Result "0-1"]
[WhiteElo "2736"]
[BlackElo "2419"]

1.Nf3 d5 2.e3 e6 3.c4 c5 4.cxd5 exd5 5.d4 Nc6 6.Bb5 Nf6 7.O-O cxd4 8.Nxd4 Bd7
9.Nc3 Bd6 10.Nf3 a6 11.Be2 Be6 12.b3 O-O 13.Bb2 Qe7 14.Rc1 Rad8 15.Nd4 Bb8
16.Nxc6 bxc6 17.Na4 Qd6 18.f4 Ba7 19.Bd4 Bxd4 20.Qxd4 Bc8 21.Nc5 Rfe8 22.Bd3 Ng4
23.Rce1 a5 24.a3 Re7 25.h3 Nf6 26.b4 axb4 27.Qxb4 Rde8 28.Qd4 Nd7 29.Nxd7 Bxd7
30.f5 c5 31.Qh4 f6 32.Rd1 Rxe3 33.a4 Qb6 34.Qf2 Bxa4 35.Rd2 c4 36.Be2 Qc5
37.Bf3 d4 38.Ra2 Bb3 39.Ra6 c3 40.Rc6 Qe5 41.Bh5 Rd8 42.Bg6 hxg6 43.fxg6 Qg5
44.Rc7 Qxg6 45.Qf4 Rg3 46.Rf2 Bd5  0-1

[Event "Titled Tuesday 22nd Dec"]
[Site "chess.com INT"]
[Date "2020.12.22"]
[Round "4"]
[White "Pandey,Srishti"]
[Black "Nakamura,Hi"]
[Result "1/2-1/2"]
[WhiteElo "2026"]
[BlackElo "2736"]

1.d4 g6 2.e4 Bg7 3.Nc3 a6 4.Nf3 b5 5.Bd3 Bb7 6.O-O d6 7.Ne2 Nd7 8.Ng3 e5
9.c3 exd4 10.cxd4 c5 11.a4 c4 12.Bc2 Ne7 13.Bg5 h6 14.Be3 Nf6 15.h3 O-O 16.Qc1 Kh7
17.Rd1 Nc6 18.Qd2 Re8 19.b3 cxb3 20.Bxb3 Nxe4 21.Nxe4 Rxe4 22.Bxf7 Ne7 23.axb5 axb5
24.Rxa8 Qxa8 25.d5 Ra4 26.Qd3 Ra1 27.Rxa1 Qxa1+ 28.Kh2 b4 29.h4 Qf6 30.Be6 Bc8
31.Bd4 Qf8 32.h5 Bxe6 33.dxe6 Qf5 34.hxg6+ Qxg6 35.Qc4 Bxd4 36.Nxd4 Qh5+
37.Kg1 Qd1+ 38.Kh2 Qh5+ 39.Kg1 Qc5 40.Qd3+ Kg7 41.Qg3+ Qg5 42.Qxd6 Kf6 43.Qxb4 Qc1+
44.Kh2 Qf4+ 45.Kg1 Qc1+ 46.Kh2 Qf4+ 47.Kg1 Qc1+  1/2-1/2

[Event "Titled Tuesday 22nd Dec"]
[Site "chess.com INT"]
[Date "2020.12.22"]
[Round "5"]
[White "De Silva,L M S T"]
[Black "Nakamura,Hi"]
[Result "0-1"]
[WhiteElo "2085"]
[BlackElo "2736"]

1.e4 g6 2.d4 Bg7 3.Nf3 d6 4.Bd3 Nd7 5.O-O e5 6.c3 Ngf6 7.Bg5 h6 8.Bh4 O-O
9.Re1 Re8 10.a4 c6 11.Na3 Qc7 12.Nc4 Nb6 13.dxe5 dxe5 14.Nxb6 axb6 15.Bg3 Nh5
16.Bc2 Bg4 17.Qe2 Nxg3 18.hxg3 Be6 19.Rad1 Bf8 20.Nd2 Kg7 21.Nf1 b5 22.axb5 cxb5
23.Ne3 b4 24.c4 Bc5 25.Nd5 Qc6 26.Bd3 h5 27.Qd2 Qd6 28.Qg5 Bg4 29.Be2 f6
30.Qd2 Ra2 31.Qc2 Qc6 32.Bxg4 hxg4 33.Qb3 Qa4 34.Qxa4 Rxa4 35.Nc7 Re7 36.Nd5 Re6
37.Ra1 Rea6 38.Rab1 b3 39.Red1 Rxc4 40.Nc7 Bxf2+  0-1

[Event "Titled Tuesday 22nd Dec"]
[Site "chess.com INT"]
[Date "2020.12.22"]
[Round "6"]
[White "Nakamura,Hi"]
[Black "Kovalev,De"]
[Result "1-0"]
[WhiteElo "2736"]
[BlackElo "2487"]

1.Nf3 Nf6 2.b3 g6 3.Bb2 Bg7 4.d4 O-O 5.e3 d5 6.c4 c6 7.Bd3 Bf5 8.Bxf5 gxf5
9.h3 Ne4 10.Nbd2 e6 11.g4 Nd7 12.gxf5 exf5 13.Qe2 a5 14.a3 Qf6 15.O-O-O Rfe8
16.Rhg1 Kh8 17.h4 f4 18.Ng5 Nxg5 19.hxg5 Qf5 20.Qf3 c5 21.Rg4 cxd4 22.Rxf4 Qxg5
23.Rg4 Qf6 24.Bxd4 Ne5 25.Qg3 dxc4 26.bxc4 Rac8 27.Rxg7 Qxg7 28.Qxg7+ Kxg7
29.f4 f6 30.fxe5 fxe5 31.Bc3 b5 32.Bxa5 bxc4 33.Bc3 h5 34.Nf3 Kf6 35.Rh1 Kf5
36.Nxe5 Ke4 37.Rxh5 Kxe3 38.Kc2 Rh8 39.Rxh8 Rxh8 40.Nxc4+  1-0

[Event "Titled Tuesday 22nd Dec"]
[Site "chess.com INT"]
[Date "2020.12.22"]
[Round "7"]
[White "Klenburg,M"]
[Black "Nakamura,Hi"]
[Result "1/2-1/2"]
[WhiteElo "2346"]
[BlackElo "2736"]

1.g3 d5 2.Bg2 e5 3.d3 g6 4.Nf3 Bg7 5.O-O Ne7 6.e4 O-O 7.c3 a5 8.a4 h6 9.Na3 Nbc6
10.exd5 Nxd5 11.Re1 Re8 12.Nb5 Bf5 13.d4 exd4 14.Rxe8+ Qxe8 15.Nfxd4 Nxd4
16.Nxd4 Rd8 17.Nxf5 Ne3 18.Bxe3 Rxd1+ 19.Rxd1 gxf5 20.Bxb7 Qxa4 21.Rd8+ Kh7
22.Bc8 Bf6 23.Bxf5+ Kg7 24.Rd2 Qb5 25.Bd3 Qc6 26.Bf1 a4 27.Bd4 Kf8 28.Bxf6 Qxf6
29.Rd4 Qb6 30.Rb4 Qa5 31.Rb5 Qa7 32.Rb4 Kg7 33.Rc4 c5 34.Rf4 a3 35.bxa3 Qxa3
36.c4 Qc3 37.h4 Kg6 38.Kg2 Qc2 39.Kg1 Kg7 40.Kg2 Kf8 41.Kg1 Ke7 42.Kg2 Ke6
43.Kg1 Kd6 44.Rxf7 Ke5 45.Re7+ Kd4 46.Re3 Qg6 47.Kg2 Qc6+ 48.Kg1 Qb7 49.Rd3+ Ke5
50.Re3+ Kf6 51.Rd3 Qb4 52.Rd5 Qa3 53.h5 Ke7 54.Kg2 Qa7 55.Kg1 Qc7 56.Kg2 Qc6
57.Kg1 Qb6 58.Kg2 Qb4 59.Kg1 Qa3 60.Kg2 Qa7 61.Kg1 Qc7 62.Kg2 Qc8 63.Kg1 Kf8
64.Kg2 Kg7 65.Kg1 Qf8 66.Kg2 Qe7 67.Kg1 Kf6 68.Kg2 Qe4+ 69.Kg1 Qf3 70.Rxc5 Ke6
71.Rd5 Qe4 72.Rd8 Ke7 73.Rd5 Qf3 74.Rb5 Kd7 75.Rd5+ Kc7 76.Rb5 Qc3 77.Rd5 Kc6
78.Rb5 Kd6 79.Rd5+ Ke6 80.Rb5 Qd2 81.Rd5 Qe1 82.Rb5 Kf6 83.Rd5 Qe8 84.Rb5 Qe4
85.Rd5 Qc2 86.Rb5 Ke6 87.Rd5 Qc1 88.Rb5 Ke7 89.Rd5 Kf6 90.Rb5 Qd1 91.Rd5 Qf3
92.Rb5 Qg4 93.Rd5 Kg7 94.Rb5 Kh7 95.Rd5 Kh8 96.Rb5 Kg8 97.Rd5 Kf8 98.Rb5 Ke8
99.Rd5 Qf3 100.Rb5 Kd8 101.Rd5+ Kc8 102.Rb5 Kc7 103.Rd5 Qf6 104.Rb5 Qe7 105.Rd5 Kc6
106.Rb5 Qa3 107.Rd5 Qc1 108.Rb5 Kd6 109.Rd5+ Ke6 110.Rb5 Qe1 111.Rd5 Kf6
112.Rb5 Qc1 113.Rd5 Qc2 114.Rb5 Qe4 115.Rd5 Qb1 116.Rb5 Qc1 117.Rd5 Qe1 118.Rb5 Qe8
119.Rd5 Qa4 120.Rb5  1/2-1/2

[Event "Titled Tuesday 22nd Dec"]
[Site "chess.com INT"]
[Date "2020.12.22"]
[Round "8"]
[White "Nakamura,Hi"]
[Black "Shipov,S"]
[Result "1-0"]
[WhiteElo "2736"]
[BlackElo "2541"]

1.e4 e6 2.Nf3 d5 3.e5 c5 4.c3 Nc6 5.Na3 Nge7 6.Nc2 Ng6 7.d4 f6 8.exf6 Qxf6
9.Bb5 Bd6 10.Bg5 Qf7 11.Be3 cxd4 12.Ncxd4 Bd7 13.Qa4 Nge7 14.Qc2 h6 15.O-O-O O-O
16.h4 e5 17.Nxc6 bxc6 18.Ba4 Bg4 19.Rde1 Bxf3 20.gxf3 Qxf3 21.Rhg1 Kh8 22.Qd2 Nf5
23.Bxc6 Nxe3 24.Rxe3 Qf4 25.Bxa8 Rxa8 26.Rd3 Qxh4 27.Rxd5 Be7 28.Kb1 Rf8
29.Rxe5 Rxf2 30.Qd5 Bf8 31.Ka1 Qh2 32.Rb1 Qf4 33.Re8 Kh7 34.Qa8 Qf7 35.Qe4+ Kg8
36.Rc8 a5 37.c4 Rf4 38.Qc2 Rf2 39.Qc3 Kh7 40.Qxa5 Be7 41.Qd5 Qxd5 42.cxd5 Bf6
43.a4 Rd2 44.Ka2 Rxd5 45.b4 h5 46.a5 h4 47.a6 Rd7 48.b5 h3 49.b6 Rd2+ 50.Kb3 h2
51.Rc2 Rd3+ 52.Kc4 Rd4+ 53.Kb5 Rd5+ 54.Kc6 Rh5 55.Rh1 Rh6 56.Kb7 Bd4 57.Rcxh2 Rxh2
58.Rxh2+ Kg8 59.a7 Bxb6 60.a8=Q+  1-0

[Event "Titled Tuesday 22nd Dec"]
[Site "chess.com INT"]
[Date "2020.12.22"]
[Round "9"]
[White "Preotu,Razvan"]
[Black "Nakamura,Hi"]
[Result "0-1"]
[WhiteElo "2487"]
[BlackElo "2736"]

1.e4 c6 2.Nc3 d5 3.Nf3 Bg4 4.h3 Bxf3 5.Qxf3 e6 6.Be2 g6 7.d4 Bg7 8.Be3 Nd7
9.O-O-O b5 10.exd5 exd5 11.Bd3 Ne7 12.g4 Nf8 13.Ne2 Ne6 14.h4 Nc8 15.h5 Nd6
16.Qg3 Qd7 17.hxg6 hxg6 18.Rxh8+ Bxh8 19.Rh1 O-O-O 20.g5 Bg7 21.c3 Kb7 22.Kc2 a5
23.f4 Bf8 24.Qf3 Ng7 25.Ng3 Re8 26.Bd2 Nc4 27.b3 Nxd2 28.Kxd2 Bd6 29.Rh7 Ne6
30.Ne2 Re7 31.Qg4 Nxf4 32.Qxd7+ Rxd7 33.Nxf4 Bxf4+ 34.Ke2 Kc7 35.Kf3 Bxg5
36.a4 bxa4 37.bxa4 f5 38.Rh8 Bd2 39.Rg8 Bxc3 40.Rxg6 Bxd4 41.Bxf5 Re7 42.Kf4 Kb6
43.Rg8 Kc5 44.Rb8 Be5+  0-1

[Event "Titled Tuesday 22nd Dec"]
[Site "chess.com INT"]
[Date "2020.12.22"]
[Round "10"]
[White "Nakamura,Hi"]
[Black "Jacobson,Brandon"]
[Result "1-0"]
[WhiteElo "2736"]
[BlackElo "2487"]

1.Nf3 d5 2.e3 Nf6 3.c4 e6 4.Nc3 b6 5.cxd5 exd5 6.d4 Bb7 7.Ne5 Bd6 8.Nb5 Be7
9.Qc2 c5 10.dxc5 bxc5 11.Bd3 O-O 12.O-O Nc6 13.Nxc6 Bxc6 14.Rd1 Qb6 15.Nc3 Rac8
16.b3 c4 17.Bf5 Rc7 18.Ne2 g6 19.Bh3 Ne4 20.Nd4 Bf6 21.bxc4 dxc4 22.Ba3 Rd8
23.Rab1 Qa5 24.Nxc6 Rxd1+ 25.Rxd1 Qxa3 26.Qxe4 Qa4 27.Rd6 Qxa2 28.g4 c3 29.g5 Bxg5
30.Qe8+ Kg7 31.Qe5+ Kh6 32.Qxc3 Qb1+ 33.Bf1 Qe4 34.Qe5 Qg4+ 35.Qg3 Qxg3+
36.hxg3 Kg7 37.Nd4  1-0

[Event "Titled Tuesday 22nd Dec"]
[Site "chess.com INT"]
[Date "2020.12.22"]
[Round "11"]
[White "Maly,Al"]
[Black "Nakamura,Hi"]
[Result "0-1"]
[WhiteElo "2371"]
[BlackElo "2736"]

1.d4 g6 2.c3 Bg7 3.Nf3 d6 4.Bf4 Nd7 5.e3 e5 6.Bg3 Qe7 7.Be2 Ngf6 8.h3 Ne4
9.Bh2 O-O 10.O-O f5 11.Nbd2 Nxd2 12.Nxd2 e4 13.c4 c5 14.Nb3 Rd8 15.Qd2 Nb6
16.Rfd1 Be6 17.Rac1 Bf7 18.Qa5 Nd7 19.Qc7 Bf8 20.Qxb7 Rdb8 21.Qa6 Rb6 22.Qa5 Nb8
23.dxc5 dxc5 24.Bxb8 Raxb8 25.Rd2 Be6 26.Rcd1 Qc7 27.Bf1 Be7 28.g3 Rc8 29.Qc3 Kf7
30.Kg2 Bf6 31.Qa5 Be7 32.Qc3 Qb7 33.h4 Bf6 34.Qa5 Be7 35.Qc3 Ra6 36.Nc1 Bf6
37.Qc2 h6 38.b3 Be5 39.Ne2 g5 40.h5 Kg7 41.Nc3 Qf7 42.Be2 Rf8 43.Nd5 Kh8
44.Kg1 Rd6 45.Nc3 Rc6 46.Nd5 Qg7 47.Bf1 Rcc8 48.Bg2 Rf7 49.Bf1 Rcf8 50.Bg2 f4
51.exf4 gxf4 52.Qxe4 Bf5 53.Qe1 fxg3 54.fxg3 Bxg3 55.Qe3 Be5 56.Kh1 Bg4 57.Re1 Rf5
58.Kg1 Rxh5 59.Qe4 Bh2+ 60.Kh1 Bf4+ 61.Kg1 Bxd2 62.Rf1 Rxf1+ 63.Kxf1 Rf5+
64.Kg1 Qd4+ 65.Qxd4+ cxd4 66.c5 Rf8 67.c6 d3 68.c7 Ba5 69.Be4 d2 70.Bc2 d1=Q+  0-1

[Event "Airthings Masters Prelim"]
[Site "chess24.com INT"]
[Date "2020.12.26"]
[Round "1.6"]
[White "Grischuk,A"]
[Black "Nakamura,Hi"]
[Result "0-1"]
[WhiteElo "2777"]
[BlackElo "2736"]

1.e4 e5 2.Nf3 Nc6 3.Bc4 Bc5 4.c3 Nf6 5.d3 d6 6.O-O h6 7.Re1 O-O 8.Nbd2 a5
9.Nf1 Be6 10.Bb5 Ne7 11.d4 exd4 12.cxd4 Bb6 13.Ng3 d5 14.e5 Ne4 15.Bd3 Nxg3
16.hxg3 Bg4 17.Be3 a4 18.Rc1 Qd7 19.Kh2 Bh5 20.e6 fxe6 21.Ne5 Qe8 22.g4 Bg6
23.Nxg6 Nxg6 24.g5 Nf4 25.gxh6 Nxd3 26.Qxd3 Qh5+ 27.Kg1 c6 28.hxg7 Rf6 29.f3 Bc7
30.Bf2 Kxg7 31.Kf1 Rg6 32.g4 Qh2 33.Ke2 Bg3 34.Rf1 e5 35.dxe5 Re8 36.Kd1 Bxf2
37.Rc2 Qxe5 38.Rcxf2 Qe3 39.Qxe3 Rxe3 40.Re2 Rge6 41.Rfe1 Rd3+ 42.Kc2 Rxe2+
43.Rxe2 Rxf3 44.Re7+ Rf7 45.Re6 Rf2+ 46.Kc3 Kf7 47.Rh6 Ke7 48.g5 a3 49.b4 Rxa2
50.Kb3 Rg2 51.Kxa3 Rg3+ 52.Ka4 Rxg5 53.Rh7+ Kd6 54.Rxb7 Rg3 55.Rb8 d4 56.Rd8+ Ke5
57.Re8+ Kf4 58.Rf8+ Ke3 59.Rf6 d3 60.Kb3 Ke2 61.Rd6 Ke1 62.Re6+ Kd1 63.Rxc6 d2+
64.Kc4 Kc2  0-1

[Event "Airthings Masters Prelim"]
[Site "chess24.com INT"]
[Date "2020.12.26"]
[Round "2.1"]
[White "Vachier Lagrave,M"]
[Black "Nakamura,Hi"]
[Result "1/2-1/2"]
[WhiteElo "2784"]
[BlackElo "2736"]

1.e4 e5 2.Nf3 Nc6 3.Bc4 Bc5 4.O-O Nf6 5.d3 d6 6.c3 h6 7.Re1 O-O 8.Nbd2 a5
9.Nf1 Be6 10.Bb5 Ne7 11.d4 exd4 12.cxd4 Bb6 13.Ng3 d5 14.e5 Ne4 15.Bd3 Nxg3
16.hxg3 Bg4 17.Bc2 c5 18.dxc5 Bxc5 19.Be3 Rc8 20.Bxc5 Rxc5 21.Qd2 Qc7 22.Bd3 Nc6
23.Qe3 Nb4 24.Nd4 Nxd3 25.Qxd3 Qb6 26.f3 Bd7 27.Qd2 a4 28.Kh2 Rfc8 29.Rad1 Rc4
30.g4 Re8 31.b3 axb3 32.axb3 Rc5 33.Qf4 Qc7 34.Rd3 Rc3 35.Rxc3 Qxc3 36.Rc1 Qa5
37.g5 hxg5 38.Qxg5 Qb6 39.Rd1 Qc7 40.f4 Ra8 41.Rd3 Ra6 42.e6 Bxe6 43.Rg3 g6
44.Qh4 Bd7 45.Nf3 Bf5 46.Nd4 Bd7 47.Nf3 Bf5 48.Nd4 Bd7  1/2-1/2

[Event "Airthings Masters Prelim"]
[Site "chess24.com INT"]
[Date "2020.12.26"]
[Round "3.6"]
[White "Nakamura,Hi"]
[Black "Nepomniachtchi,I"]
[Result "1/2-1/2"]
[WhiteElo "2736"]
[BlackElo "2784"]

1.e4 c5 2.Nf3 d6 3.Bb5+ Nd7 4.c4 e5 5.O-O g6 6.b4 b6 7.bxc5 bxc5 8.d3 Bg7
9.Nc3 Ne7 10.Nd5 O-O 11.Rb1 Nb6 12.Nxe7+ Qxe7 13.a4 Rb8 14.a5 Na8 15.Bg5 f6
16.Bd2 Nc7 17.Bc6 Bd7 18.Bxd7 Qxd7 19.Qc2 Qc6 20.Rxb8 Rxb8 21.Rb1 Rb7 22.Bc3 Bh6
23.Qa2 Kf8 24.Rb3 Na6 25.Qb1 Rxb3 26.Qxb3 Nb4 27.Ne1 f5 28.exf5 gxf5 29.d4 exd4
30.Bxb4 Qe4 31.Kf1 cxb4 32.Qxb4 Bf4 33.Qb8+ Kg7 34.Qxa7+ Kg6 35.Qb8 d3 36.Qg8+ Kh6
37.Qf8+ Kg6 38.Qg8+ Kh6 39.Qf8+ Kg6 40.Qg8+  1/2-1/2

[Event "Airthings Masters Prelim"]
[Site "chess24.com INT"]
[Date "2020.12.26"]
[Round "4.2"]
[White "Aronian,L"]
[Black "Nakamura,Hi"]
[Result "1/2-1/2"]
[WhiteElo "2781"]
[BlackElo "2736"]

1.e4 e5 2.Nf3 Nc6 3.Bb5 a6 4.Ba4 g6 5.c3 Bg7 6.d4 b5 7.Bc2 exd4 8.cxd4 d5
9.exd5 Nce7 10.Nc3 Nf6 11.Bg5 O-O 12.O-O Nexd5 13.a4 Bb7 14.axb5 Nxc3 15.bxc3 axb5
16.Rb1 Ra3 17.Rb3 Qa8 18.Re1 Bd5 19.Rxa3 Qxa3 20.Qd2 Bxf3 21.gxf3 Nd5 22.Rb1 Qxc3
23.Be4 c6 24.Bxd5 Qxd2 25.Bxd2 cxd5 26.Rxb5 Bxd4 27.Rxd5 Bf6 28.Bg5 Bxg5
29.Rxg5 Ra8 30.Rd5 Rf8 31.Kg2 Ra8 32.Rd4 Rf8 33.Rd5 Ra8 34.Rd4 Rf8 35.Rd5  1/2-1/2

[Event "Airthings Masters Prelim"]
[Site "chess24.com INT"]
[Date "2020.12.27"]
[Round "7.4"]
[White "Nakamura,Hi"]
[Black "Harikrishna,P"]
[Result "1/2-1/2"]
[WhiteElo "2736"]
[BlackElo "2732"]

1.e4 c6 2.Nc3 d5 3.Nf3 Bg4 4.h3 Bxf3 5.Qxf3 e6 6.d4 Nf6 7.Be2 dxe4 8.Qe3 Nbd7
9.O-O Bd6 10.Nxe4 Nxe4 11.Qxe4 Nf6 12.Qf3 Bc7 13.Rd1 O-O 14.c3 Qd5 15.g3 Rad8
16.Be3 Rd7 17.Qg2 Qxg2+ 18.Kxg2 Rfd8 19.Bf3 h6 20.a4 Nd5 21.Bd2 a5 22.h4 Nb6
23.Be1 Nd5 24.Rd2 g6 25.Re2 h5 26.Bd2 Bd6 27.Be4 Be7 28.Bc2 Kg7 29.Bb3 Bf6
30.Bg5 Ra8 31.Bc4 Nb6 32.Bb3 Nd5 33.Rd1 Bxg5 34.hxg5 b5 35.Re5 Rb8 36.Ra1 Rdb7
37.Re2 bxa4 38.Bxd5 cxd5 39.Rxa4 Rxb2 40.Rxb2 Rxb2 41.Rxa5  1/2-1/2

[Event "Airthings Masters Prelim"]
[Site "chess24.com INT"]
[Date "2020.12.27"]
[Round "8.4"]
[White "Dubov,Daniil"]
[Black "Nakamura,Hi"]
[Result "1/2-1/2"]
[WhiteElo "2702"]
[BlackElo "2736"]

1.d4 Nf6 2.c4 e6 3.Nf3 d5 4.g3 Be7 5.Bg2 O-O 6.Nc3 dxc4 7.Ne5 c5 8.dxc5 Qxd1+
9.Nxd1 Bxc5 10.Ne3 c3 11.bxc3 Nbd7 12.Nd3 Rb8 13.Nc4 b6 14.Bf4 Bb7 15.Bxb8 Bxg2
16.Bd6 Bxh1 17.Bxf8 Kxf8 18.f3 Bg2 19.Nf4 Bh1 20.Nd3 Bg2 21.Nf4 Bh1 22.Nd3  1/2-1/2

[Event "Airthings Masters Prelim"]
[Site "chess24.com INT"]
[Date "2020.12.28"]
[Round "9.3"]
[White "Nakamura,Hi"]
[Black "Anton Guijarro,D"]
[Result "1-0"]
[WhiteElo "2736"]
[BlackElo "2675"]

1.d4 Nf6 2.c4 e6 3.g3 d5 4.Nf3 dxc4 5.Bg2 c6 6.a4 Bb4+ 7.Bd2 a5 8.Qc1 O-O
9.Qxc4 Bxd2+ 10.Nbxd2 b6 11.Qb3 Ba6 12.Nc4 Nbd7 13.Nfe5 Rc8 14.Nd6 Nxe5 15.dxe5 Rb8
16.Bxc6 Nd7 17.Qe3 Nxe5 18.Qxe5 Qc7 19.Bf3 Rbd8 20.Rd1 Rd7 21.O-O Rfd8 22.Nxf7 Qxe5
23.Rxd7 Qxb2 24.Nxd8 Bxe2 25.Bxe2 Qxe2 26.Rd6 h5 27.Nxe6 h4 28.Ng5 g6 29.Rxb6 Kg7
30.Ne6+ Kf7 31.Nf4 Qf3 32.Rc1  1-0

[Event "Airthings Masters Prelim"]
[Site "chess24.com INT"]
[Date "2020.12.28"]
[Round "10.5"]
[White "Carlsen,M"]
[Black "Nakamura,Hi"]
[Result "1-0"]
[WhiteElo "2862"]
[BlackElo "2736"]

1.e4 e5 2.Nf3 Nc6 3.Bb5 Nf6 4.O-O Nxe4 5.Re1 Nd6 6.Nxe5 Be7 7.Bf1 Nxe5 8.Rxe5 O-O
9.d4 Ne8 10.Re1 d5 11.Bf4 Bd6 12.Qf3 Bxf4 13.Qxf4 Qd6 14.Qf3 Nf6 15.Nd2 Bg4
16.Qg3 Qxg3 17.hxg3 Rfe8 18.f3 Bd7 19.g4 h6 20.Kf2 Rxe1 21.Rxe1 Re8 22.Rc1 c6
23.a4 Re7 24.a5 Ne8 25.Nb3 Nd6 26.Nc5 Bc8 27.b3 g6 28.c4 dxc4 29.bxc4 Kg7
30.Bd3 f5 31.gxf5 Bxf5 32.Be2 h5 33.Nd3 Bc8 34.Nb4 Nf5 35.d5 c5 36.Nd3 Rc7
37.Nf4 h4 38.Bd3 g5 39.Ne2 Nd6 40.Nc3 Kf6 41.Re1 Bd7 42.Ne4+ Nxe4+ 43.Bxe4 b5
44.d6 Rc8 45.cxb5 Bxb5 46.Rb1 Bc4 47.Rb7 Rd8 48.Rxa7 Rxd6 49.Rc7 Rd2+ 50.Kg1 Bd5
51.Rd7 Ke6 52.Rd8 c4 53.a6 c3 54.Rxd5  1-0

[Event "Airthings Masters Prelim"]
[Site "chess24.com INT"]
[Date "2020.12.28"]
[Round "11.2"]
[White "Nakamura,Hi"]
[Black "Giri,A"]
[Result "1-0"]
[WhiteElo "2736"]
[BlackElo "2764"]

1.e4 c5 2.Nf3 e6 3.g3 Nc6 4.Bg2 Nf6 5.d3 d5 6.Nbd2 Be7 7.O-O O-O 8.Re1 h6
9.c3 b5 10.exd5 Nxd5 11.a4 b4 12.c4 Nc7 13.Nb3 Bb7 14.Be3 Na6 15.d4 cxd4
16.Nfxd4 Qc8 17.Qe2 Nxd4 18.Bxd4 Bxg2 19.Kxg2 Rd8 20.Qf3 Qxc4 21.Rac1 Qd5
22.Qxd5 Rxd5 23.Rc6 Nb8 24.Rc8+ Rd8 25.Rec1 Nd7 26.Rxa8 Rxa8 27.Rc7 Rd8 28.Rxa7 Bf6
29.a5 Bxd4 30.Nxd4 Ne5 31.a6 Rxd4 32.Ra8+ Kh7 33.a7 Nc6 34.Rh8+ Kxh8 35.a8=Q+ Nd8
36.Qa7 Rd5 37.Qb6 Kg8 38.Qxb4 Nc6 39.Qb7 Nd4 40.Qb8+ Kh7 41.Qf8 Kg6 42.g4 h5
43.h3 hxg4 44.hxg4 e5 45.Qa8 Ne6 46.b4 Rd4 47.b5 Rxg4+ 48.Kf1 Rb4 49.Qc6 Kg5
50.b6 Nf4 51.Kg1 Rb1+ 52.Kh2 Ne6 53.Qe4 Rb5 54.b7 Nd8 55.b8=R  1-0

[Event "Airthings Masters KO 2020"]
[Site "chess24.com INT"]
[Date "2020.12.29"]
[Round "1.13"]
[White "Nakamura,Hi"]
[Black "Aronian,L"]
[Result "1/2-1/2"]
[WhiteElo "2736"]
[BlackElo "2781"]

1.d4 Nf6 2.c4 e6 3.Nf3 d5 4.Nc3 Bb4 5.cxd5 exd5 6.Bf4 O-O 7.e3 Bf5 8.Qb3 Nc6
9.Nh4 Be6 10.Bd3 Ne4 11.Nf3 Bf5 12.Qc2 Re8 13.O-O Bg6 14.Ne2 Bd6 15.a3 a5
16.Rfc1 Bh5 17.Bg3 Nxg3 18.hxg3 Bg6 19.Bxg6 hxg6 20.Rab1 Ne7 21.Nc3 c6 22.b4 Nf5
23.Ne2 Be7 24.Ne5 Nd6 25.Nf4 g5 26.Nfd3 f6 27.Ng6 Nc4 28.Qe2 Nxa3 29.Qh5 Bxb4
30.Qh8+ Kf7 31.Qh5 Nxb1 32.Nge5+ Kg8 33.Qf7+ Kh7 34.Qh5+ Kg8 35.Qf7+ Kh7
36.Qh5+ Kg8  1/2-1/2

[Event "Airthings Masters KO 2020"]
[Site "chess24.com INT"]
[Date "2020.12.29"]
[Round "1.12"]
[White "Aronian,L"]
[Black "Nakamura,Hi"]
[Result "1-0"]
[WhiteElo "2781"]
[BlackElo "2736"]

1.d4 Nf6 2.Nf3 d5 3.Bf4 e6 4.e3 Bd6 5.Bb5+ Nbd7 6.c3 O-O 7.Nbd2 Qe7 8.Ne5 Ne4
9.Nxe4 dxe4 10.Qc2 f5 11.Bxd7 Bxd7 12.h4 Bb5 13.a4 Bxe5 14.Bxe5 Bd3 15.Qb3 b6
16.f4 h5 17.Kf2 Kh7 18.Rh3 g6 19.Rg3 c5 20.Rg5 Kh6 21.dxc5 bxc5 22.c4 Rf7
23.Qc3 Qb7 24.a5 Rc8 25.b3 Qc6 26.Rh1 Rb7 27.Rh3 Rg8 28.Rhg3 Kh7 29.Qc1 Qe8
30.Qd1 Rd7 31.Rxg6 Qxg6 32.Rxg6 Kxg6 33.Kg1 a6 34.Kh2 Rb7 35.Qa1 Rxb3 36.Qa4 Rb1
37.Qd7 Bxc4 38.Qe7 Rbb8  1-0

[Event "Airthings Masters KO 2020"]
[Site "chess24.com INT"]
[Date "2020.12.29"]
[Round "1.11"]
[White "Nakamura,Hi"]
[Black "Aronian,L"]
[Result "1/2-1/2"]
[WhiteElo "2736"]
[BlackElo "2781"]

1.d4 Nf6 2.c4 e6 3.Nf3 d5 4.Nc3 Bb4 5.cxd5 exd5 6.Bf4 O-O 7.Qb3 c5 8.dxc5 Nc6
9.e3 Ne4 10.Be2 Nxc5 11.Qc2 d4 12.exd4 Ne6 13.Be3 Nexd4 14.Nxd4 Nxd4 15.Bxd4 Qxd4
16.O-O Be6 17.Bf3 Rac8 18.Bxb7 Rc7 19.Rfd1 Qe5 20.Bf3 Bxc3 21.bxc3 Rxc3 22.Qa4 Qc5
23.Qd4 Qxd4 24.Rxd4 Ra3 25.Bd5 Rd8 26.Rad1 Bxd5 27.Rxd5 Rxd5 28.Rxd5 Kf8
29.Rd2 Ke7 30.h4 h5 31.g3 g6 32.Kg2 Ke6 33.Re2+ Kd6 34.Rd2+ Ke6 35.Re2+ Kd6
36.Rd2+ Ke6  1/2-1/2

[Event "Airthings Masters KO 2020"]
[Site "chess24.com INT"]
[Date "2020.12.29"]
[Round "1.14"]
[White "Aronian,L"]
[Black "Nakamura,Hi"]
[Result "1/2-1/2"]
[WhiteElo "2781"]
[BlackElo "2736"]

1.d4 g6 2.e4 Nf6 3.Nc3 d6 4.Nf3 Bg7 5.Be2 O-O 6.O-O Nc6 7.d5 Nb8 8.a4 a5
9.Re1 c6 10.Be3 cxd5 11.exd5 Nbd7 12.Bb5 Nc5 13.Qe2 Bg4 14.Bxc5 dxc5 15.Qxe7 Nxd5
16.Qxd8 Raxd8 17.Nxd5 Rxd5 18.c3 Rfd8 19.Bc4 Bxf3 20.gxf3 Rg5+ 21.Kf1 Rf5
22.Rad1 Rxd1 23.Rxd1 Rxf3 24.Rd8+ Bf8 25.Rb8 Kg7 26.Rxb7 Bd6 27.Rd7 Bb8 28.Rb7 Be5
29.Rb5 Bxh2 30.Kg2 Rf4 31.Rxc5 Rh4 32.Bd5 Bd6 33.Rxa5 f5 34.Ra6 Be5 35.Re6 Bb8
36.a5 Rg4+ 37.Kf1 Ra4 38.a6 Kh6 39.b4 Ba7 40.b5 Ra1+  1/2-1/2

[Event "Airthings Masters KO 2020"]
[Site "chess24.com INT"]
[Date "2020.12.30"]
[Round "1.21"]
[White "Aronian,L"]
[Black "Nakamura,Hi"]
[Result "1-0"]
[WhiteElo "2781"]
[BlackElo "2736"]

1.d4 Nf6 2.Nf3 d5 3.Bf4 e6 4.e3 Bd6 5.Nbd2 c5 6.Bb5+ Nc6 7.Bxc6+ bxc6 8.Bxd6 Qxd6
9.Nb3 cxd4 10.exd4 Nd7 11.Qd2 O-O 12.Qc3 f6 13.O-O-O Ba6 14.Rhe1 Rfe8 15.Re3 Rac8
16.Rde1 Kf7 17.Nc5 Nxc5 18.Qxc5 Qxc5 19.dxc5 Ra8 20.Nd4 e5 21.Nf5 Red8 22.f4 Bc8
23.Nd6+ Rxd6 24.cxd6 e4 25.c4 Ke6 26.c5 Ba6 27.Ra3 Bb5 28.b4 Kf5 29.Ra5 Bc4
30.a4 a6 31.g4+ Kxf4 32.b5 cxb5 33.c6 Ke5 34.c7 Ke6 35.Rxa6  1-0

[Event "Airthings Masters KO 2020"]
[Site "chess24.com INT"]
[Date "2020.12.30"]
[Round "1.22"]
[White "Nakamura,Hi"]
[Black "Aronian,L"]
[Result "0-1"]
[WhiteElo "2736"]
[BlackElo "2781"]

1.Nf3 d5 2.g3 Nf6 3.Bg2 g6 4.d3 Bg7 5.Bd2 Nc6 6.Qc1 e5 7.Bh6 Bxh6 8.Qxh6 Ng4
9.Qd2 e4 10.dxe4 dxe4 11.Qxd8+ Nxd8 12.Nd4 f5 13.Nc3 Ne6 14.Nb3 Bd7 15.Bh3 Nf6
16.f3 exf3 17.exf3 O-O-O 18.Kf2 b6 19.Bf1 Bc6 20.Re1 Nd4 21.Ba6+ Bb7 22.Nxd4 Bxa6
23.Rd1 Rhe8 24.a4 Bb7 25.a5 Ng4+ 26.fxg4 Bxh1 27.axb6 axb6 28.gxf5 gxf5 29.Nxf5 Rxd1
30.Nxd1 Be4 31.Nde3 Kd7 32.g4 Ra8 33.Ng3 Bg6 34.Ngf5 Bxf5 35.gxf5 Kd6 36.Kf3 Ke5
37.Kg4  0-1

[Event "Titled Tuesday 12th Jan"]
[Site "chess.com INT"]
[Date "2021.01.12"]
[Round "1"]
[White "Nakamura,Hi"]
[Black "Novikov,E"]
[Result "1-0"]
[WhiteElo "2736"]
[BlackElo "2276"]

1.d4 d5 2.Nf3 Nf6 3.Bf4 e6 4.e3 Bd6 5.Bg3 b6 6.Nbd2 Bb7 7.c4 O-O 8.cxd5 exd5
9.Bd3 Qe7 10.O-O Nbd7 11.Rc1 Bxg3 12.hxg3 Qd6 13.b4 a6 14.a3 Rfe8 15.Rc2 Ne4
16.Qe2 h6 17.Rfc1 c5 18.dxc5 bxc5 19.bxc5 Ndxc5 20.Bxe4 Nxe4 21.a4 Rac8 22.Nd4 Rxc2
23.Rxc2 Rc8 24.N2f3 Rxc2 25.Qxc2 Qc5 26.Qb2 Qc7 27.Nf5 f6 28.g4 Bc8 29.N3d4 Qc3
30.Qxc3 Nxc3 31.Ne7+ Kf7 32.Nxc8 Nxa4 33.Nd6+ Ke7 34.N6f5+ Kf7 35.Nc6 Nc3
36.f3 Nb5 37.Kf2 Nc7 38.Ke2 g6 39.Nfd4 h5 40.gxh5 gxh5 41.Nb3 Kg6 42.Nb4 Kg5
43.Nd4 h4 44.Nbc6 h3 45.gxh3 Kh4 46.Nf5+ Kxh3 47.Kf2 Nb5 48.Nb4 a5 49.Nxd5 a4
50.Nf4+ Kh2 51.Nh6 a3 52.Ng4+ Kh1 53.Ne2 Nc3 54.Ng3+  1-0

[Event "Titled Tuesday 12th Jan"]
[Site "chess.com INT"]
[Date "2021.01.12"]
[Round "2"]
[White "Barria Zuniga,D"]
[Black "Nakamura,Hi"]
[Result "0-1"]
[WhiteElo "2341"]
[BlackElo "2736"]

1.Nc3 d5 2.d4 Nf6 3.Bg5 Nbd7 4.Qd3 c5 5.O-O-O c4 6.Qg3 Qa5 7.e4 b5 8.Kb1 Nb6
9.Bxf6 gxf6 10.Qc7 Bd7 11.Nxd5 Rc8 12.Qf4 Nxd5 13.exd5 h5 14.Qe3 c3 15.b3 Bh6
16.f4 Qa3 17.Qc1 Qxc1+ 18.Rxc1 Bxf4 19.Rd1 Bd6 20.Nf3 h4 21.Bd3 Kd8 22.Rhe1 Kc7
23.h3 Rcg8 24.Bf1 Kd8 25.Re4 Bg3 26.b4 Rh5 27.Re3 Rxd5 28.Rxc3 a6 29.Rc5 Rxc5
30.dxc5 Kc7 31.c4 e5 32.cxb5 axb5 33.a4 bxa4 34.b5 e4 35.Nd4 Be5 36.b6+ Kb7
37.Bb5 Bxb5 38.Nxb5 Kc6 39.Na7+ Kxc5 40.b7 Rxg2 41.Rd8 Rb2+ 42.Kc1 Rxb7 43.Nc8 a3  0-1

[Event "Titled Tuesday 12th Jan"]
[Site "chess.com INT"]
[Date "2021.01.12"]
[Round "3"]
[White "Nakamura,Hi"]
[Black "Shahade,G"]
[Result "1-0"]
[WhiteElo "2736"]
[BlackElo "2476"]

1.Nf3 Nf6 2.c4 g6 3.Nc3 d5 4.cxd5 Nxd5 5.h4 Nxc3 6.bxc3 Bg7 7.h5 c5 8.e3 Nc6
9.d4 O-O 10.hxg6 hxg6 11.Bc4 Na5 12.Bd3 Bg4 13.Rh4 Qd7 14.Ne5 Bxe5 15.Qxg4 Qxg4
16.Rxg4 Bg7 17.Bd2 Nc6 18.f4 e6 19.Rh4 Rfd8 20.Be4 Rac8 21.Rb1 b6 22.Ke2 Na5
23.g4 Nc4 24.Be1 cxd4 25.cxd4 Nd6 26.Bd3 b5 27.Bb4 a6 28.f5 exf5 29.gxf5 Nxf5
30.Bxf5 gxf5 31.Rg1 Rc6 32.Kd3 Rg6 33.Rf1 Rg5 34.Be7  1-0